| 000 | 01143 a2200181 4500 | ||
|---|---|---|---|
| 003 | Nust | ||
| 005 | 20170207153154.0 | ||
| 040 | _cNust | ||
| 082 | _a621.317 | ||
| 100 | _aWilliam D. Stevenson, Jr | ||
| 245 |
_aElements of power system analysis _cWilliam D. Stevenson, Jr |
||
| 260 |
_aMcGraw-Hill _bNew York _cc1955 |
||
| 300 |
_axii, 370 p _billus. _c24 cm |
||
| 505 | _aGeneral Background(Page-1),Inductance Of Transmission Lines(Page-14),Capacitance Of Transmission Lines (Page-47),Resistance And Skin Effect(Page-70),Current And Voltage Relations On A Transmission Line(Page-87),Generalized Circuits Constants(Page-108),Circle Diagrams(Page-128),Representation On Power Systems(Page-151),Symmetrical Three-Phase Faults On Synchronous Machines(Page-188),Symmetrical Components(Page-210),Unsymmetrical Short Circuits On An Unloaded Generator(Page-227),Sequence Impedances And Sequence Networks(Page-241),Unsymmetrical Faults On Power Systems(Page-272),Unsymmetrical Systems(Page-300),Power Systems Stability(Page-319). | ||
| 538 | _aAlmirah No.31 Shelf No.2 | ||
| 600 | _aWilliam D. Stevenson, Jr | ||
| 650 | _aElements of power system analysis | ||
| 942 |
_2ddc _cBK |
||
| 999 |
_c180676 _d180676 |
||